000
00266nam a2200097Ia 4500
008
220204s9999 xx 000 0 und d
082
_a
658.511.8
_b
HOW
245
0
_a
How to develop a job description program
260
_a
New York
_b
Alexander Hamilton
_c
1980
942
_c
BK
999
_c
37097
_d
37097